| 000 | 00541nam a2200181 i 4500 | ||
|---|---|---|---|
| 001 | 85379 | ||
| 003 | ES-MaACL | ||
| 005 | 20250802101702.0 | ||
| 007 | t| | ||
| 008 | 041126s1971 sp ||||1| spa d | ||
| 100 | 1 |
_aJoyce, James, _d1882-1941 _967077 |
|
| 245 | 1 | 0 |
_aEscritos críticos / _cJames Joyce ; traducción de Andrés Bosch. |
| 260 |
_a[Barcelona] : _bLumen, _c[1971] |
||
| 300 |
_a390 p. ; _c19 cm. |
||
| 700 | 1 |
_aBosch, Andrés, _d1926-1984 _9160182 |
|
| 852 |
_aES-MaACL _jC-39353 _bR.77857 |
||
| 999 |
_c85379 _d85379 |
||